[Event "DEM U12/U12w 2006"]
[Site "Willingen GER"]
[Date "2006.06.10"]
[Round "11"]
[White "Petkidis, Anthony"]
[Black "Hager, Joshua Aarash"]
[Result "1/2-1/2"]
[Termination "normal"]
[Board "1"]
[WhiteElo "1585"]
[BlackElo "1872"]
[PlyCount "61"]
[BlackFideId "24642789"]
[EventCountry "GER"]
[EventRounds "11"]
[EventType "swiss"]
[EventDate "2006.06.03"]

1. e4 c5 2. Nf3 d6 3. d4 cxd4 4. Nxd4 Nf6 5. Nc3 g6 6. Be3 Bg7 7. f3 O-O 8. Qd2
Nc6 9. O-O-O d5 10. Nxc6 bxc6 11. exd5 Nxd5 12. Bd4 e5 13. Bc5 Be6 14. Ne4 Re8
15. g4 h6 16. h4 Qc7 17. g5 h5 18. Bc4 Red8 19. Qf2 Nf4 20. Bxe6 Nxe6 21. Be3
Qb7 22. Kb1 Rab8 23. b3 a5 24. a4 Nd4 25. Bxd4 Rxd4 26. Rxd4 exd4 27. Qe2 Qb4
28. Ka2 c5 29. Nd6 Qc3 30. Ne4 Qb4 31. Nd6 1/2-1/2

[Event "DEM U12/U12w 2006"]
[Site "Willingen GER"]
[Date "2006.06.10"]
[Round "11"]
[White "Wittke, Rene"]
[Black "Kaphle, Sebastian"]
[Result "0-1"]
[Termination "normal"]
[Board "3"]
[WhiteElo "1687"]
[BlackElo "2064"]
[PlyCount "74"]
[WhiteFideId "24640255"]
[BlackFideId "24626708"]
[EventCountry "GER"]
[EventRounds "11"]
[EventType "swiss"]
[EventDate "2006.06.03"]

1. e4 c5 2. c4 Nc6 3. Nc3 g6 4. g3 Bg7 5. Bg2 d6 6. Nge2 e6 7. d3 Nge7 8. Be3
Nd4 9. O-O O-O 10. f4 a6 11. Bf2 Rb8 12. Nxd4 cxd4 13. Ne2 e5 14. h3 b5 15. b3
bxc4 16. bxc4 Rb2 17. g4 Nc6 18. Be1 a5 19. Rf2 Bh6 20. Rb1 Rxb1 21. Qxb1 Bd7
22. g5 Bg7 23. Bd2 Qc7 24. f5 Rb8 25. Qf1 Nb4 26. fxg6 fxg6 27. Nc1 Be6 28. Kh2
Na6 29. Qe1 a4 30. Qd1 Nc5 31. Bf1 Rb1 32. Qc2 Rb7 33. Be1 Qb8 34. Re2 Bf8 35.
Bg2 a3 36. Bd2 Bd7 37. Ba5 Be7 0-1

[Event "DEM U12/U12w 2006"]
[Site "Willingen GER"]
[Date "2006.06.10"]
[Round "11"]
[White "Hampel, Felix"]
[Black "Berchtenbreiter, Maximilian"]
[Result "0-1"]
[Termination "normal"]
[Board "4"]
[WhiteElo "1549"]
[BlackElo "1999"]
[PlyCount "82"]
[WhiteFideId "24668125"]
[BlackFideId "24641120"]
[EventCountry "GER"]
[EventRounds "11"]
[EventType "swiss"]
[EventDate "2006.06.03"]

1. e4 c5 2. Nf3 e6 3. d4 cxd4 4. Nxd4 Qb6 5. Nc3 Bc5 6. Na4 Qa5+ 7. c3 Bxd4 8.
Qxd4 Nf6 9. Nc5 Nc6 10. Qd6 b6 11. Nb3 Qa4 12. f3 Ba6 13. Be3 Bxf1 14. Rxf1 Qb5
15. Bf4 Nh5 16. Rd1 Rd8 17. Be3 Nf6 18. Rd2 Ng8 19. Nd4 Nxd4 20. Bxd4 f6 21. e5
f5 22. Be3 h6 23. g4 Ne7 24. g5 Nd5 25. Bf2 hxg5 26. Rh1 g4 27. fxg4 Qc4 28.
Bd4 Qxa2 29. Kf2 fxg4 30. Kg3 Ne7 31. Kxg4 Qa4 32. Rf1 Qc4 33. Rf4 Nf5 34. Qa3
Rh4+ 35. Kg5 Rxf4 36. Kxf4 Qf1+ 37. Kg5 Qc1 38. Kg6 Qxd2 39. Kh7 d6 40. Qxa7
Qh6+ 41. Kg8 Ne7+ 0-1

[Event "DEM U12/U12w 2006"]
[Site "Willingen GER"]
[Date "2006.06.10"]
[Round "11"]
[White "Zimmermann, Gordon"]
[Black "Zier, Oliver"]
[Result "1-0"]
[Termination "normal"]
[Board "5"]
[WhiteElo "1920"]
[BlackElo "1823"]
[PlyCount "59"]
[WhiteFideId "24624330"]
[BlackFideId "24631906"]
[EventCountry "GER"]
[EventRounds "11"]
[EventType "swiss"]
[EventDate "2006.06.03"]

1. e4 c5 2. Nf3 e6 3. d4 cxd4 4. Nxd4 Nf6 5. Nc3 Nc6 6. a3 d5 7. exd5 Nxd5 8.
Nxc6 bxc6 9. Ne4 f5 10. Ng3 Qa5+ 11. Bd2 Qb6 12. c4 Nf6 13. b4 Be7 14. Be2 O-O
15. Bc3 f4 16. Nh5 Nxh5 17. Bxh5 Qc7 18. Qe2 Bf6 19. Bxf6 Rxf6 20. O-O Rh6 21.
Bf3 Bd7 22. Rad1 e5 23. Rfe1 Re8 24. Qd3 Bc8 25. c5 a6 26. Qc4+ Kh8 27. Rd2 Qe7
28. Qxf4 g5 29. Qe3 Rh4 30. Bxc6 1-0

[Event "DEM U12/U12w 2006"]
[Site "Willingen GER"]
[Date "2006.06.10"]
[Round "11"]
[White "Wendling, Florian"]
[Black "Wang, Zhangxian"]
[Result "1/2-1/2"]
[Termination "normal"]
[Board "7"]
[WhiteElo "1628"]
[BlackElo "1998"]
[PlyCount "66"]
[WhiteFideId "24640212"]
[EventCountry "GER"]
[EventRounds "11"]
[EventType "swiss"]
[EventDate "2006.06.03"]

1. e4 c6 2. Ne2 d5 3. e5 Bg4 4. f3 Bd7 5. d4 c5 6. dxc5 Bb5 7. Nbc3 Bxe2 8.
Bxe2 e6 9. Be3 Nd7 10. Bb5 a6 11. Ba4 Rc8 12. b4 b6 13. c6 b5 14. cxd7+ Qxd7
15. Nxd5 bxa4 16. Nf4 Bxb4+ 17. Ke2 Qxd1+ 18. Kxd1 Bc3 19. Rb1 Bxe5 20. Nd3 Bc3
21. Nc5 Nf6 22. Nxa4 Ba5 23. c4 O-O 24. Rc1 Rb8 25. c5 Nd5 26. Bd2 Bxd2 27.
Kxd2 Rb4 28. Nc3 Rd8 29. Rc2 Nf4+ 30. Ke3 Rd3+ 31. Kf2 Rc4 32. Rhc1 Rd8 33. Ne4
Rcd4 1/2-1/2

[Event "DEM U12/U12w 2006"]
[Site "Willingen GER"]
[Date "2006.06.10"]
[Round "11"]
[White "Dünzel, Jonas"]
[Black "Volz, Daniel"]
[Result "1-0"]
[Termination "normal"]
[Board "8"]
[WhiteElo "1881"]
[BlackElo "1455"]
[PlyCount "63"]
[WhiteFideId "24631167"]
[BlackFideId "4661125"]
[EventCountry "GER"]
[EventRounds "11"]
[EventType "swiss"]
[EventDate "2006.06.03"]

1. e4 c5 2. Nf3 e6 3. d4 cxd4 4. Nxd4 Nf6 5. Nc3 d6 6. Bd3 a6 7. O-O Bd7 8. Kh1
Nc6 9. Nxc6 Bxc6 10. f4 d5 11. e5 Nd7 12. f5 Bc5 13. fxe6 fxe6 14. Qh5+ g6 15.
Bxg6+ Ke7 16. Bg5+ Nf6 17. Bxf6+ Kd7 18. Bxd8 Raxd8 19. Rf7+ Kc8 20. Rxh7 Rhg8
21. Qg4 Rde8 22. Bxe8 Rxg4 23. Bxc6 bxc6 24. Rf1 Rg5 25. Na4 Bb4 26. a3 Bxa3
27. bxa3 Rg8 28. Rff7 Kd8 29. Nc5 Kc8 30. Rc7+ Kb8 31. Nxa6+ Ka8 32. Ra7# 1-0

[Event "DEM U12/U12w 2006"]
[Site "Willingen GER"]
[Date "2006.06.10"]
[Round "11"]
[White "Friedrich, Wiede"]
[Black "Gisy, Roberto"]
[Result "1-0"]
[Termination "normal"]
[Board "10"]
[WhiteElo "1933"]
[BlackElo "1540"]
[PlyCount "93"]
[WhiteFideId "24629537"]
[EventCountry "GER"]
[EventRounds "11"]
[EventType "swiss"]
[EventDate "2006.06.03"]

1. e4 e5 2. Nf3 Nc6 3. Bb5 a6 4. Bxc6 dxc6 5. O-O Qd6 6. d4 Bg4 7. dxe5 Bxf3 8.
Qxf3 Qxe5 9. Nc3 Bd6 10. g3 Qf6 11. Qxf6 Nxf6 12. e5 Bxe5 13. Re1 Nd7 14. f4 f6
15. fxe5 Nxe5 16. Bf4 O-O-O 17. Bxe5 fxe5 18. Rad1 Rxd1 19. Rxd1 Rd8 20. Kf2
Rxd1 21. Nxd1 Kd7 22. Ke3 Ke6 23. Ke4 c5 24. Ne3 b5 25. Ng4 a5 26. b3 Kd6 27.
Nxe5 g6 28. h4 c4 29. bxc4 b4 30. Kd4 c5+ 31. Ke4 a4 32. g4 Ke6 33. Nd3 Kd6 34.
g5 a3 35. Kf4 Kc6 36. Ke5 Kb6 37. Kf6 Kc6 38. Kg7 Kd6 39. Kxh7 Ke7 40. Kxg6 Kf8
41. Kf6 Kg8 42. g6 b3 43. cxb3 Kh8 44. b4 cxb4 45. Kf7 b3 46. g7+ Kh7 47. g8=Q+
1-0

[Event "DEM U12/U12w 2006"]
[Site "Willingen GER"]
[Date "2006.06.10"]
[Round "11"]
[White "Kropman, Alexei"]
[Black "Babayev, Ramil"]
[Result "0-1"]
[Termination "normal"]
[Board "11"]
[WhiteElo "1669"]
[BlackElo "1553"]
[PlyCount "109"]
[WhiteFideId "24670723"]
[BlackFideId "24664243"]
[EventCountry "GER"]
[EventRounds "11"]
[EventType "swiss"]
[EventDate "2006.06.03"]

1. e4 c5 2. Nc3 e6 3. f4 a6 4. Nf3 d5 5. d3 Nc6 6. g3 d4 7. Ne2 Nf6 8. e5 Nd5
9. Bg2 Be7 10. O-O O-O 11. Bd2 Qb6 12. Rb1 Bd7 13. a3 Qc7 14. Qe1 b6 15. Qf2
Rab8 16. Kh1 Rfc8 17. Nh4 Bxh4 18. gxh4 Nde7 19. Ng3 Kh8 20. Qf3 Nf5 21. Qg4
Nce7 22. Rg1 Rg8 23. Ne4 h6 24. Rbf1 Nd5 25. Rf3 Bc6 26. Rh3 Nde3 27. Bxe3 Nxe3
28. Qh5 Nxg2 29. Rxg2 Bxe4 30. dxe4 c4 31. Rhg3 Kh7 32. Qf3 Rbd8 33. Qf1 Qc6
34. Qe2 d3 35. cxd3 cxd3 36. Rxd3 Rxd3 37. Qxd3 Qc1+ 38. Rg1 Qxf4 39. Rf1 Qxe5
40. Rxf7 Rc8 41. Rf2 b5 42. Qe3 Rc4 43. Re2 Qf6 44. Rf2 Qxh4 45. Rf4 Qg5 46. h4
Qg6 47. b3 Rc2 48. Rf2 Rxf2 49. Qxf2 Qxe4+ 50. Kh2 e5 51. h5 Qf4+ 52. Qxf4 exf4
53. Kg2 g5 54. hxg6+ Kxg6 55. Kf3 0-1

[Event "DEM U12/U12w 2006"]
[Site "Willingen GER"]
[Date "2006.06.10"]
[Round "11"]
[White "Bading, Kenneth"]
[Black "Göbel, Constantin"]
[Result "1/2-1/2"]
[Termination "normal"]
[Board "12"]
[WhiteElo "1553"]
[BlackElo "1639"]
[PlyCount "119"]
[BlackFideId "24647071"]
[EventCountry "GER"]
[EventRounds "11"]
[EventType "swiss"]
[EventDate "2006.06.03"]

1. e4 e6 2. d4 d5 3. exd5 exd5 4. Nf3 Bf5 5. c3 Nf6 6. Bg5 Nbd7 7. Nbd2 Bd6 8.
Be2 c6 9. O-O Qc7 10. a4 O-O 11. Re1 Rfe8 12. Nf1 h6 13. Bh4 Bh7 14. Bg3 Ne4
15. Bxd6 Nxd6 16. Ng3 Nf6 17. Nd2 Re7 18. Ndf1 Rae8 19. Ne3 Kh8 20. Kh1 Nfe4
21. Rf1 Nxf2+ 22. Rxf2 Rxe3 23. Qd2 Rxg3 24. hxg3 Ne4 25. Qf4 Nxf2+ 26. Qxf2
Bg6 27. Rf1 Qe7 28. Bg4 Qg5 29. Qf4 Qe7 30. Qf2 Qe4 31. Bf3 Qe6 32. Kh2 Kg8 33.
Kh1 f6 34. Kh2 Qe3 35. Qxe3 Rxe3 36. Kh3 Bf5+ 37. g4 Be4 38. Rf2 Bxf3 39. gxf3
Kf7 40. Kg3 g5 41. Rh2 Kg6 42. Kf2 Re7 43. Kg3 Re6 44. Kf2 f5 45. Rh3 fxg4 46.
fxg4 Re4 47. Rg3 h5 48. gxh5+ Kxh5 49. Rh3+ Kg6 50. b4 Re7 51. b5 Rh7 52. Re3
Rf7+ 53. Kg3 Rf6 54. Re7 cxb5 55. Rxb7 bxa4 56. Rxa7 Re6 57. Rxa4 Kf5 58. Ra3
Ke4 59. Kg4 Kd3 60. Ra5 1/2-1/2

[Event "DEM U12/U12w 2006"]
[Site "Willingen GER"]
[Date "2006.06.10"]
[Round "11"]
[White "Müller, Tobias"]
[Black "Davydov, Ruven"]
[Result "1/2-1/2"]
[Termination "normal"]
[Board "13"]
[WhiteElo "1620"]
[BlackElo "1532"]
[PlyCount "80"]
[WhiteFideId "24643394"]
[BlackFideId "24666068"]
[EventCountry "GER"]
[EventRounds "11"]
[EventType "swiss"]
[EventDate "2006.06.03"]

1. e4 c5 2. Nf3 e6 3. d4 cxd4 4. Nxd4 Qb6 5. Nb3 Qc7 6. c4 Nf6 7. Nc3 a6 8. Bd3
Be7 9. O-O d6 10. Kh1 Nbd7 11. f4 O-O 12. Qe2 b6 13. Be3 Bb7 14. Rad1 Rfe8 15.
h3 Rad8 16. Qc2 Nc5 17. Nxc5 bxc5 18. f5 d5 19. cxd5 exd5 20. exd5 Bxd5 21. Bf4
Bd6 22. Nxd5 Nxd5 23. Bxd6 Rxd6 24. Rfe1 Red8 25. Qa4 Qc8 26. Qb3 Nb6 27. Bxa6
Rxd1 28. Rxd1 Rxd1+ 29. Qxd1 Qb8 30. Be2 h6 31. Qb3 Qd6 32. Qd3 Qf6 33. Qd2 Na4
34. b3 Qa1+ 35. Kh2 Qe5+ 36. Kg1 Nc3 37. Bc4 Ne4 38. Qd8+ Kh7 39. Qd5 Qf4 40.
Qxf7 Qf2+ 1/2-1/2

[Event "DEM U12/U12w 2006"]
[Site "Willingen GER"]
[Date "2006.06.10"]
[Round "11"]
[White "Marquardt, Patrick"]
[Black "Mons, Leon"]
[Result "1/2-1/2"]
[Termination "normal"]
[Board "14"]
[WhiteElo "1505"]
[BlackElo "1588"]
[PlyCount "104"]
[WhiteFideId "4670086"]
[BlackFideId "4614950"]
[EventCountry "GER"]
[EventRounds "11"]
[EventType "swiss"]
[EventDate "2006.06.03"]

1. d4 d5 2. c4 e6 3. Nc3 Be7 4. cxd5 exd5 5. Nf3 Nf6 6. Bg5 Bf5 7. e3 Nbd7 8.
Bd3 Bg6 9. O-O c6 10. Rc1 O-O 11. Bxg6 hxg6 12. Qc2 Re8 13. Rfe1 Nf8 14. Ne5
N6d7 15. Bxe7 Qxe7 16. Nxd7 Nxd7 17. Na4 Qd6 18. Nc5 Nxc5 19. Qxc5 Qxc5 20.
Rxc5 Re6 21. h3 Kf8 22. Rec1 Ke7 23. Kf1 Kd7 24. R5c3 Rae8 25. Ra3 a6 26. Rac3
g5 27. g4 Rh8 28. Kg2 Kd6 29. a4 g6 30. a5 Re7 31. b4 f6 32. R3c2 Rh4 33. Kg3
Reh7 34. Rh1 Ke6 35. f4 Rf7 36. Rf2 Rhh7 37. Rhf1 gxf4+ 38. exf4 Kd6 39. Re2
Re7 40. Rfe1 Rxe2 41. Rxe2 b6 42. Re8 bxa5 43. bxa5 Rb7 44. Rg8 Ke6 45. Ra8 Rb4
46. Rxa6 Rxd4 47. Rxc6+ Kf7 48. a6 Ra4 49. f5 gxf5 50. gxf5 Kg7 51. Rc7+ Kh6
52. Rc6 Kg5 1/2-1/2

[Event "DEM U12/U12w 2006"]
[Site "Willingen GER"]
[Date "2006.06.10"]
[Round "11"]
[White "Miller, Eduard"]
[Black "Pfeiffer, Daniel"]
[Result "0-1"]
[Termination "normal"]
[Board "15"]
[WhiteElo "1525"]
[BlackElo "1606"]
[PlyCount "51"]
[WhiteFideId "24687022"]
[BlackFideId "24641960"]
[EventCountry "GER"]
[EventRounds "11"]
[EventType "swiss"]
[EventDate "2006.06.03"]

1. e4 c5 2. Nf3 Nc6 3. d4 cxd4 4. Nxd4 Nf6 5. Nc3 d6 6. Bg5 Bd7 7. Qd2 Rc8 8.
Bxf6 gxf6 9. f4 Bh6 10. Nxc6 Bxc6 11. h4 Rg8 12. Qf2 Qa5 13. Bd3 Bd7 14. a3
Rxc3 15. bxc3 Qxc3+ 16. Ke2 Bg4+ 17. Ke3 Qc5+ 18. Kd2 Qxf2+ 19. Kc3 Qc5+ 20.
Kb3 Be6+ 21. Kb2 Bxf4 22. Rab1 Qb6+ 23. Kc3 Be5+ 24. Kd2 Rxg2+ 25. Be2 Qd4+ 26.
Ke1 0-1

[Event "DEM U12/U12w 2006"]
[Site "Willingen GER"]
[Date "2006.06.10"]
[Round "11"]
[White "Schulz, Anja"]
[Black "Schreiner, Till"]
[Result "0-1"]
[Termination "normal"]
[Board "16"]
[WhiteElo "1585"]
[BlackElo "1499"]
[PlyCount "66"]
[WhiteFideId "24647845"]
[BlackFideId "24675555"]
[EventCountry "GER"]
[EventRounds "11"]
[EventType "swiss"]
[EventDate "2006.06.03"]

1. e4 c6 2. d4 d5 3. exd5 cxd5 4. Bd3 Nc6 5. c3 Nf6 6. Bf4 Bg4 7. Qb3 Na5 8.
Bb5+ Bd7 9. Bxd7+ Qxd7 10. Qc2 e6 11. Nf3 Nc6 12. Nbd2 Bd6 13. Bxd6 Qxd6 14.
O-O O-O 15. Rfe1 Rac8 16. Qd3 Nd7 17. Ng5 Nf6 18. Ngf3 h6 19. Ne5 Nd7 20. Qg3
Ncxe5 21. dxe5 Qe7 22. h4 b5 23. Qh3 b4 24. Re3 bxc3 25. bxc3 Rc7 26. Kh2 Rfc8
27. f4 Nb6 28. Nb3 Na4 29. Rc1 Rc4 30. Nd4 Rxd4 31. cxd4 Rxc1 32. Rb3 Rc8 33.
Qg4 Nc3 0-1

[Event "DEM U12/U12w 2006"]
[Site "Willingen GER"]
[Date "2006.06.10"]
[Round "11"]
[White "Rosenkranz, Christian"]
[Black "Lebek, Ricarda"]
[Result "1/2-1/2"]
[Termination "normal"]
[Board "17"]
[WhiteElo "1495"]
[BlackElo "1577"]
[PlyCount "84"]
[WhiteFideId "24674494"]
[BlackFideId "4624688"]
[EventCountry "GER"]
[EventRounds "11"]
[EventType "swiss"]
[EventDate "2006.06.03"]

1. e4 e6 2. b3 c5 3. Bb2 a6 4. Nf3 Nc6 5. d4 cxd4 6. Nxd4 Qf6 7. Bc3 Bb4 8.
Bxb4 Nxb4 9. c3 Nc6 10. Be2 Qg6 11. Bf3 Ne5 12. O-O Nf6 13. Re1 b6 14. c4 Bb7
15. Nc3 Rc8 16. Rc1 h5 17. Nf5 Nxf3+ 18. Qxf3 Qxf5 19. exf5 Bxf3 20. gxf3 Kd8
21. fxe6 fxe6 22. Rcd1 Re8 23. Ne4 Rc6 24. Nd6 Re7 25. Kg2 Kc7 26. Nf5 Rf7 27.
Nd4 Rc5 28. Rc1 Rg5+ 29. Kf1 e5 30. Ne2 Nh7 31. Ng1 Rgf5 32. c5 b5 33. b4 Ng5
34. Rc2 Nxf3 35. Nxf3 Rxf3 36. Rxe5 R3f5 37. Rxf5 Rxf5 38. Ke2 Rf4 39. a3 Rh4
40. Rd2 Rh3 41. Rd3 Rxh2 42. Rd6 Rh1 1/2-1/2

[Event "DEM U12/U12w 2006"]
[Site "Willingen GER"]
[Date "2006.06.10"]
[Round "11"]
[White "Lindner, Sebastian"]
[Black "Kreiter, Thomas"]
[Result "0-1"]
[Termination "normal"]
[Board "18"]
[WhiteElo "1496"]
[BlackElo "1561"]
[PlyCount "34"]
[WhiteFideId "4670221"]
[BlackFideId "24645591"]
[EventCountry "GER"]
[EventRounds "11"]
[EventType "swiss"]
[EventDate "2006.06.03"]

1. d4 Nf6 2. c4 c5 3. Nf3 cxd4 4. Nxd4 e5 5. Nb5 d5 6. cxd5 Bc5 7. Qc2 Qb6 8.
e3 O-O 9. N1c3 Rd8 10. Bc4 Na6 11. Qe2 Nc7 12. e4 Ng4 13. O-O Qg6 14. Kh1 f5
15. f3 Nxh2 16. Rd1 Qh5 17. Be3 Nxf3# 0-1

[Event "DEM U12/U12w 2006"]
[Site "Willingen GER"]
[Date "2006.06.10"]
[Round "11"]
[White "Mirke, Roy"]
[Black "Gerntke, Oliver"]
[Result "1/2-1/2"]
[Termination "normal"]
[Board "19"]
[WhiteElo "1557"]
[BlackElo "1352"]
[PlyCount "80"]
[WhiteFideId "24647306"]
[BlackFideId "24647977"]
[EventCountry "GER"]
[EventRounds "11"]
[EventType "swiss"]
[EventDate "2006.06.03"]

1. d4 d5 2. Nf3 Nf6 3. e3 c5 4. c3 cxd4 5. exd4 a6 6. Bd3 Bg4 7. O-O e6 8. Bf4
Bd6 9. Bxd6 Qxd6 10. Nbd2 O-O 11. Re1 Nc6 12. Qc2 Rac8 13. Qb1 Bxf3 14. Nxf3 h6
15. Ne5 Nd7 16. Nxd7 Qxd7 17. Re3 b5 18. Qe1 Na5 19. Rg3 Nc4 20. Qc1 Kh8 21.
Rh3 Kg8 22. Qc2 Rfd8 23. Re1 Qe7 24. Bxc4 Rxc4 25. Ree3 Qf6 26. Qd2 Rdc8 27.
Reg3 Qxd4 28. Qc1 Kf8 29. Rd3 Qf4 30. Qxf4 Rxf4 31. Kf1 Rcc4 32. g3 Rf6 33. Rd4
Ke7 34. Ke2 Kd6 35. f4 Kc5 36. Kd3 Rxd4+ 37. cxd4+ Kb4 38. Rh5 Rf5 39. Rh4 Rf6
40. Rh5 a5 1/2-1/2

[Event "DEM U12/U12w 2006"]
[Site "Willingen GER"]
[Date "2006.06.10"]
[Round "11"]
[White "Stark, Saskia"]
[Black "Titgemeyer, Sven"]
[Result "1/2-1/2"]
[Termination "normal"]
[Board "20"]
[WhiteElo "1484"]
[BlackElo "1557"]
[PlyCount "42"]
[WhiteFideId "4601050"]
[BlackFideId "24676934"]
[EventCountry "GER"]
[EventRounds "11"]
[EventType "swiss"]
[EventDate "2006.06.03"]

1. e4 e5 2. Nf3 Nc6 3. d4 exd4 4. Nxd4 Bc5 5. Nb3 Bb6 6. Nc3 Nf6 7. Bg5 h6 8.
Bh4 g5 9. Bg3 Qe7 10. Qe2 d6 11. O-O-O Bd7 12. f3 O-O-O 13. Na4 Ne5 14. Nxb6+
axb6 15. Kb1 h5 16. h4 g4 17. Qf2 gxf3 18. Bxe5 Nxe4 19. Qxf3 Qxe5 20. Bd3 d5
21. Rde1 Bg4 1/2-1/2

[Event "DEM U12/U12w 2006"]
[Site "Willingen GER"]
[Date "2006.06.10"]
[Round "11"]
[White "Gruber, Roland"]
[Black "Schmitz, Stefan"]
[Result "0-1"]
[Termination "normal"]
[Board "21"]
[WhiteElo "1368"]
[BlackElo "1526"]
[PlyCount "126"]
[WhiteFideId "1270975"]
[BlackFideId "4625730"]
[EventCountry "GER"]
[EventRounds "11"]
[EventType "swiss"]
[EventDate "2006.06.03"]

1. e4 e5 2. Nf3 Nc6 3. Bc4 Nf6 4. Nc3 Nxe4 5. Nxe4 d5 6. Bb5 dxe4 7. Nxe5 Qf6
8. Nxc6 bxc6 9. Ba4 Bc5 10. O-O O-O 11. d3 Rd8 12. Bb3 Ba6 13. Be3 Bb6 14. Qg4
exd3 15. Bg5 Rd4 16. Qg3 Qg6 17. c3 Rd7 18. Rfd1 h6 19. Bf4 Qxg3 20. Bxg3 Re8
21. Rd2 Rde7 22. Kf1 Re2 23. Rad1 Bb5 24. c4 Ba5 25. cxb5 Bxd2 26. f3 cxb5 27.
Bxc7 Re1+ 28. Rxe1 Rxe1+ 29. Kf2 Bb4 30. a3 d2 31. axb4 d1=Q 32. Bxd1 Rxd1 33.
Ke2 Rc1 34. Be5 Rc2+ 35. Kf1 Rc4 36. Bc3 Kf8 37. Ke2 g6 38. Kd3 Ke7 39. b3 Rc6
40. Bd4 Ra6 41. g4 Ke6 42. Be3 h5 43. g5 Ra2 44. Bd2 Kf5 45. h4 Ra1 46. Be3 Rh1
47. Bf2 a6 48. Kd2 Rf1 49. Ke2 Rb1 50. Be3 Rxb3 51. Bd2 Rb2 52. Ke3 Rb1 53. Kd4
Rd1 54. Ke3 Rh1 55. Kd4 Rxh4+ 56. Kc5 Rh3 57. Kb6 Rxf3 58. Kxa6 h4 59. Kxb5 h3
60. Ka6 h2 61. b5 h1=Q 62. Ba5 Ra3 63. b6 Qa8+ 0-1

[Event "DEM U12/U12w 2006"]
[Site "Willingen GER"]
[Date "2006.06.10"]
[Round "11"]
[White "Schätz, Annika"]
[Black "Braun, Georg"]
[Result "0-1"]
[Termination "normal"]
[Board "22"]
[WhiteElo "1406"]
[BlackElo "1774"]
[PlyCount "100"]
[WhiteFideId "24674796"]
[BlackFideId "24629383"]
[EventCountry "GER"]
[EventRounds "11"]
[EventType "swiss"]
[EventDate "2006.06.03"]

1. e4 c5 2. Nf3 d6 3. d4 cxd4 4. Nxd4 Nf6 5. Nc3 g6 6. Be3 Bg7 7. f3 O-O 8. Qd2
Nc6 9. Bc4 Bd7 10. O-O-O Rc8 11. Bb3 Ne5 12. Kb1 Nc4 13. Bxc4 Rxc4 14. g4 b5
15. b3 Rc8 16. Ndxb5 Qa5 17. Nd5 Qxd2 18. Nxe7+ Kh8 19. Rxd2 Rce8 20. Nxg6+
fxg6 21. Nxd6 Ra8 22. h4 Ne8 23. Nxe8 Bxe8 24. Rh3 Bc6 25. Bd4 Rad8 26. Bxg7+
Kxg7 27. Rxd8 Rxd8 28. Kc1 Kf6 29. Rh2 Ke5 30. Rd2 Rxd2 31. Kxd2 Kf4 32. Ke2 a5
33. Kf2 Bb5 34. c4 Ba6 35. a3 h6 36. c5 Bb5 37. b4 a4 38. h5 gxh5 39. gxh5 Be8
40. Kg2 Bxh5 41. b5 Bxf3+ 42. Kf2 Bxe4 43. c6 h5 44. c7 Bb7 45. b6 h4 46. Kg1
Kg3 47. Kf1 h3 48. c8=Q Bxc8 49. Kg1 h2+ 50. Kh1 Bb7# 0-1

[Event "DEM U12/U12w 2006"]
[Site "Willingen GER"]
[Date "2006.06.10"]
[Round "11"]
[White "Alber, Alexander"]
[Black "Klek, Hanna Marie"]
[Result "0-1"]
[Termination "normal"]
[Board "23"]
[WhiteElo "1398"]
[BlackElo "1668"]
[PlyCount "124"]
[WhiteFideId "4640039"]
[BlackFideId "24670057"]
[EventCountry "GER"]
[EventRounds "11"]
[EventType "swiss"]
[EventDate "2006.06.03"]

1. Nf3 b6 2. c4 Bb7 3. d4 e6 4. Nc3 f5 5. Bf4 a6 6. e3 Nf6 7. Bd3 Be7 8. O-O
O-O 9. Rc1 Nc6 10. a3 Nh5 11. Bg3 Nxg3 12. hxg3 Kh8 13. Re1 Bf6 14. Kf1 g6 15.
b4 Ne7 16. Qd2 g5 17. Qc2 g4 18. Nd2 Bg7 19. Nb3 Ra7 20. e4 Rf7 21. Qe2 h5 22.
exf5 Nxf5 23. Bxf5 Rxf5 24. c5 Ra8 25. Kg1 Qf8 26. Rc2 Rc8 27. Nd1 Bd5 28. Ne3
Bxb3 29. Nxf5 exf5 30. Rd2 b5 31. Qe7 Qxe7 32. Rxe7 Rd8 33. d5 Kg8 34. Re3 Bh6
35. d6 c6 36. Rde2 Bxe3 37. Rxe3 Be6 38. f3 Kf7 39. Kf2 Ra8 40. f4 a5 41. Re2
axb4 42. axb4 Ra2 43. Rxa2 Bxa2 44. Ke3 Ke6 45. Kd4 Bd5 46. Kd3 Bxg2 47. Kd4
Bf3 48. Ke3 Kd5 49. Kd3 Bg2 50. Ke3 Kc4 51. Kf2 Bd5 52. Ke3 Kxb4 53. Kd4 Be6
54. Ke5 Kxc5 55. Kf6 b4 56. Kg5 b3 57. Kh4 b2 58. Kg5 b1=Q 59. Kh4 Kxd6 60. Kg5
Ke7 61. Kh4 Kf6 62. Kxh5 Qh1# 0-1

[Event "DEM U12/U12w 2006"]
[Site "Willingen GER"]
[Date "2006.06.10"]
[Round "11"]
[White "Quaschner, Manuel"]
[Black "Risius, Philipp"]
[Result "0-1"]
[Termination "normal"]
[Board "24"]
[WhiteElo "1394"]
[BlackElo "1557"]
[PlyCount "70"]
[WhiteFideId "24690139"]
[BlackFideId "24630330"]
[EventCountry "GER"]
[EventRounds "11"]
[EventType "swiss"]
[EventDate "2006.06.03"]

1. e4 e5 2. Nf3 Nc6 3. d4 exd4 4. Nxd4 Nf6 5. Nxc6 bxc6 6. Bd3 Bc5 7. e5 Qe7 8.
O-O Nd5 9. Bd2 Nb4 10. Bc4 Ba6 11. Bxa6 Nxa6 12. a3 O-O 13. Re1 Qd8 14. Nc3 d6
15. Bf4 Re8 16. Qf3 d5 17. Qg3 Re6 18. Na4 Be7 19. Bd2 Nc5 20. Nxc5 Bxc5 21. b4
Be7 22. f4 Bh4 23. Qg4 Bxe1 24. Rxe1 Qe7 25. Bc3 f5 26. Qxf5 Rf8 27. Qg4 Qf7
28. Rf1 Qg6 29. Qf3 Qxc2 30. f5 Ree8 31. f6 gxf6 32. exf6 Qg6 33. Qh3 Rf7 34.
a4 Qg5 35. Qd3 Qe3+ 0-1

[Event "DEM U12/U12w 2006"]
[Site "Willingen GER"]
[Date "2006.06.10"]
[Round "11"]
[White "Schindlbeck, Tobias"]
[Black "Spangenberg, Romy"]
[Result "0-1"]
[Termination "normal"]
[Board "25"]
[WhiteElo "1551"]
[BlackElo "1344"]
[PlyCount "72"]
[WhiteFideId "24615510"]
[BlackFideId "4627997"]
[EventCountry "GER"]
[EventRounds "11"]
[EventType "swiss"]
[EventDate "2006.06.03"]

1. e4 c5 2. Nf3 e6 3. d4 cxd4 4. Nxd4 Nf6 5. Nc3 Nc6 6. Be3 Bb4 7. f3 a6 8. Be2
d5 9. Nxc6 bxc6 10. e5 Nd7 11. f4 O-O 12. O-O Bc5 13. Bxc5 Nxc5 14. Qd4 Qb6 15.
Kh1 Nd7 16. Qxb6 Nxb6 17. Rf3 f6 18. exf6 Rxf6 19. Raf1 Bd7 20. g4 Raf8 21. g5
Rf5 22. h4 c5 23. Bd3 R5f7 24. h5 e5 25. Bxh7+ Kh8 26. f5 Bc6 27. Re1 Nc4 28.
Rf2 d4+ 29. Ne4 Ne3 30. f6 gxf6 31. Bg6 Bxe4+ 32. Bxe4 fxg5 33. Rxf7 Rxf7 34.
Re2 Rf4 35. Bg6 g4 36. Kh2 Rf3 0-1